| 000 | 01473cam a22003617a 4500 | ||
|---|---|---|---|
| 999 |
_c10397 _d10397 |
||
| 001 | 14977857 | ||
| 003 | EG-ScBUE | ||
| 005 | 20201014133738.0 | ||
| 008 | 070823t2005 gw a f b 001 0 eng d | ||
| 020 | _a9783527313631 | ||
| 020 | _a352731363X | ||
| 035 | _a(OCoLC)ocm74518529 | ||
| 040 |
_aUKM _beng _erda _cUKM _dBAKER _dIXA _dDLC |
||
| 082 | 0 | 4 |
_a620.186 _bVIR _222 |
| 245 | 0 | 0 |
_aVirtual Fabrication of Aluminum Products : _bMicrostructural Modeling in Industrial Aluminum Production / _cEdited by Jèurgen Hirsch. |
| 264 | 1 |
_aWeinheim : _bWiley-VCH Verlag GmbH & Co. KGaA, _c[2006] |
|
| 264 | 4 | _cc2006 | |
| 300 |
_axxiv, 381 pages : _billustrations (some color) ; _c25 cm |
||
| 336 |
_2rdacontent _atext _btxt |
||
| 337 |
_2rdamedia _aunmediated _bn |
||
| 338 |
_2rdacarrier _avolume _bnc |
||
| 504 | _aIncludes bibliographical references and index. | ||
| 650 | 7 |
_aAluminum, Structural. _2BUEsh |
|
| 650 | 7 |
_aAluminum alloys. _2BUEsh |
|
| 653 |
_bENGGEN _cOctober2020 |
||
| 655 |
_vReading book _934232 |
||
| 700 | 1 |
_aHirsch, Jèurgen, _eeditor. _936595 |
|
| 856 | 4 | 2 |
_3Contributor biographical information _uhttp://www.loc.gov/catdir/enhancements/fy0745/2007468185-b.html |
| 856 | 4 | 1 |
_3Table of contents only _uhttp://www.loc.gov/catdir/enhancements/fy0745/2007468185-t.html |
| 856 | 4 | 2 |
_3Publisher description _uhttp://www.loc.gov/catdir/enhancements/fy0745/2007468185-d.html |
| 942 |
_2ddc _cBB |
||